01229nam a22002537a 4500003000500000005001700005008004100022040003100063050001500094100002700109245018800136260007100324300004500395336002600440337002800466338002700494500016900521501008600690504004100776650005900817650004200876650003000918700002700948NUST20260507130049.0260507b |||||||| |||| 00| 0 eng d aNUSTbengcNUSTdNUSTerda aRG575. TAK aTakaidza Mariaeauthor aCorrelating Amniotic Fluid Index in the Progression of Pregnancy Induced Hypertension in Second Trimester Pregnancies :bA Case for United Bulawayo Hospitals, ZimbabwecMaria Takaidza aBulawayo :bNational University of Science and Technology /c2021. axiii, 54 pages :billustrations;c30 cm. 2rdacontentatextbtxt 2rdamediaaunmediatedbn 2rdacarrieravolumebnc aDissertation submitted to National University of Science and Technology in partial fulfilment of the requirements for the Bachelor of Science degree in Radiography. 00Theses (BSc in Radiography) National University of Science and Technology, 2021. aIncludes bibliographical references. aPregnancy-induced hypertensionzZimbabwexCase studies aAmniotic fluidxMeasurementzZimbabwe aMaternal healthzZimbabwe aRakata, B.esupervisor